B2B marketing vo sfére služieb
Pojem Business-to-business sféra. Špecifiká B2B marketingu. Customerizácia ponuky ako významný konkurenčný nástroj.
Na minha lista:
| Autor principal: | |
|---|---|
| Formato: | Capítulo de Livro |
| Idioma: | eslovaco |
| Assuntos: | |
| Tags: |
Sem tags, seja o primeiro a adicionar uma tag!
|
MARC
| LEADER | 00000naa a2200000 4500 | ||
|---|---|---|---|
| 001 | 0199626 | ||
| 005 | 20230912114618.9 | ||
| 041 | 0 | |a slo | |
| 044 | |a SK | ||
| 245 | 1 | 0 | |a B2B marketing vo sfére služieb |c Ivana Latiaková |
| 520 | |a Pojem Business-to-business sféra. Špecifiká B2B marketingu. Customerizácia ponuky ako významný konkurenčný nástroj. | ||
| 610 | 2 | 0 | |a siete sociálne |
| 610 | 2 | 0 | |a stratégia podnikateľská |
| 610 | 2 | 0 | |a konkurencia |
| 610 | 2 | 0 | |a marketing |
| 100 | 1 | |a Latiaková, Ivana | |